| 000 | 00722nam a2200229Ii 4500 | ||
|---|---|---|---|
| 003 | JO-AjNU | ||
| 008 | 230605s9999||||xx |||||||||||||| ||und|| | ||
| 017 | _a2012/6/1992 | ||
| 020 | _a978-9957-771-51-7 | ||
| 040 |
_aJO-AjNU _bara _erda _cJO-AjNU |
||
| 041 | _aara | ||
| 050 | 1 | 4 | _aBP252 2012 |
| 100 | 3 |
_aجرار، مأمون فريز, _eauthor _950527 |
|
| 245 | 0 | 0 | _aفي ظلال رسائل النور |
| 250 | _aط1 | ||
| 264 | 3 | 1 | _aعمان: دار المأمون للنشر والتوزيع، 2012 |
| 300 | _a236ص | ||
| 336 |
_atext _btxt _2rdacontent |
||
| 337 |
_aunmediated _bn _2rdamedia |
||
| 338 |
_avolume _bnc _2rdacarrier |
||
| 650 | 4 |
_aرسائل النور - الاسلام - مقالات _950528 |
|
| 999 |
_aA22263 _c25831 _d25831 |
||